[Event "Titled Tuesday intern op 30th May Late"]
[Site "Chess.com INT"]
[Date "2023.05.30"]
[Round "10"]
[White "Howell, David"]
[Black "Sanchez, Roberto Daniel"]
[Result "1-0"]
[WhiteElo "2677"]
[BlackElo "1966"]
[PlyCount "29"]
[EventDate "2023.05.30"]
[EventType "swiss (blitz)"]
[EventRounds "11"]
[EventCountry "USA"]
[SourceTitle "CBM 214 Extra"]
[Source "ChessBase"]
[SourceDate "2023.07.31"]
[SourceVersion "1"]
[SourceVersionDate "2023.07.31"]
[SourceQuality "1"]

1. e4 d5 2. d4 e6 3. e5 b6 4. c3 Qd7 5. Nd2 Ba6 6. Bxa6 Nxa6 7. Ne2 c5 8. 0-0 Nh6 9. Nf3 Nf5 10. g4 Nh6 11. h3 Nc7 12. Nf4 Be7 13. Nh5 Kf8 14. Bxh6 gxh6 15. Qd2 1-0

[Event "Titled Tuesday intern op 23rd May Late"]
[Site "Chess.com INT"]
[Date "2023.05.23"]
[Round "8"]
[White "Howell, David"]
[Black "Ziatdinov, Raset"]
[Result "1-0"]
[WhiteElo "2677"]
[BlackElo "2101"]
[PlyCount "76"]
[EventDate "2023.05.23"]
[EventType "swiss (blitz)"]
[EventRounds "11"]
[EventCountry "USA"]
[SourceTitle "EXT 2024"]
[Source "ChessBase"]
[SourceDate "2023.10.10"]
[SourceVersion "1"]
[SourceVersionDate "2023.10.10"]
[SourceQuality "1"]

1. e4 e6 2. d4 d5 3. Nc3 Nf6 4. e5 Nfd7 5. f4 c5 6. Nf3 Nc6 7. Be3 a6 8. Qd2 b5 9. Be2 Qb6 10. Nd1 Bb7 11. c3 cxd4 12. cxd4 Rc8 13. 0-0 Na5 14. b3 Be7 15. Bd3 Kd8 16. Ng5 Rf8 17. Nxh7 Rh8 18. Ng5 Rf8 19. f5 Kc7 20. fxe6 fxe6 21. Nxe6+ Qxe6 22. Qxa5+ Kb8 23. Rxf8 Rxf8 24. Nf2 Bd8 25. Qd2 Bb6 26. Re1 Rf7 27. Nh3 Qg4 28. Ng5 Rf8 29. e6 Nf6 30. h3 Qh4 31. Nf3 Qg3 32. Bf4+ Bc7 33. Bxg3 Bxg3 34. e7 Re8 35. Bg6 Ne4 36. Rxe4 dxe4 37. Bxe8 exf3 38. gxf3 Ka7 1-0

[Event "Titled Tuesday intern op 16th May Late"]
[Site "Chess.com INT"]
[Date "2023.05.16"]
[Round "10"]
[White "Rose, Felix"]
[Black "Howell, David"]
[Result "0-1"]
[WhiteElo "2091"]
[BlackElo "2677"]
[PlyCount "60"]
[EventDate "2023.05.16"]
[EventType "swiss (blitz)"]
[EventRounds "11"]
[EventCountry "USA"]
[SourceTitle "CBM 214 Extra"]
[Source "ChessBase"]
[SourceDate "2023.07.31"]
[SourceVersion "1"]
[SourceVersionDate "2023.07.31"]
[SourceQuality "1"]

1. e4 c5 2. Nf3 d6 3. d4 cxd4 4. Nxd4 Nf6 5. Nc3 a6 6. Be3 Ng4 7. Bc1 Nf6 8. Be3 e6 9. f3 Be7 10. Qd2 Qc7 11. 0-0-0 b5 12. g4 Bb7 13. Kb1 Nc6 14. Nxc6 Bxc6 15. Ne2 Nd7 16. Nd4 Bb7 17. h4 d5 18. exd5 Bxd5 19. Bg2 Nb6 20. b3 0-0 21. f4 Rfd8 22. Qf2 Bxg2 23. Qxg2 Nd5 24. Bd2 Rac8 25. Qe4 Ba3 26. Rh3 Nf6 27. Qe5 Rxd4 28. Qxc7 Rxc7 29. b4 Bxb4 30. Bxb4 Rxd1+ 0-1